000 00289nam a2200133 i 4500
001 bg
100 1 _aKMITA, J.
245 0 _aKultura i poznanie /
_cJ. Kmita.
260 _aWarszawa,
_c1985.
040 _cBPK
041 _apol
942 _cKS
008 s pl f |000 0 pol
999 _c22999
_d22999
856 _uhttp://koha.tu.koszalin.pl/cgi-bin/koha/opac-detail.pl?biblionumber=22999
_yKatalog online BPK